| 000 | 00679nam a2200241 a 4500 | ||
|---|---|---|---|
| 001 | 3315920 | ||
| 003 | ARRUPE | ||
| 005 | 20130918142228.0 | ||
| 008 | 840626s1985 pau b 001 0 eng | ||
| 010 | _a 84047926 | ||
| 020 |
_a0800617967 (pbk.) : _c$9.95 |
||
| 040 |
_aDLC _cDLC _dDLC |
||
| 050 | 0 | 0 |
_aBV4211.2 _b.K53 1985 |
| 100 | 1 |
_aKillinger, John. _9574 |
|
| 245 | 1 | 0 |
_aFundamentals of preaching / _cJohn Killinger. |
| 260 |
_aPhiladelphia : _bFortress Press, _cc1985. |
||
| 300 | _ap. cm. | ||
| 500 | _aIncludes index. | ||
| 504 | _aBibliography: p. | ||
| 650 | 0 |
_aPreaching. _9575 |
|
| 906 |
_a7 _bcbc _corignew _d1 _eocip _f19 _gy-gencatlg |
||
| 942 |
_2lcc _cMONOGRAPH |
||
| 999 |
_c117881 _d117881 |
||